|
|
|
|
| LEADER |
01660cas a2200277 a 4500 |
| 001 |
AALejournalIMF019155 |
| 008 |
230101c9999 xx r poo 0 0eng d |
| 020 |
|
|
|c 5.00 USD
|
| 020 |
|
|
|z 9781498303798
|
| 022 |
|
|
|a 1018-5941
|
| 040 |
|
|
|a BD-DhAAL
|c BD-DhAAL
|
| 100 |
1 |
|
|a El Rayess, Majdeline.
|
| 245 |
1 |
0 |
|a Indonesia's Public Wealth :
|b A Balance Sheet Approach to Fiscal Policy Analysis /
|c Majdeline El Rayess, Avril Halstead, Jason Harris, John Ralyea.
|
| 264 |
|
1 |
|a Washington, D.C. :
|b International Monetary Fund,
|c 2019.
|
| 300 |
|
|
|a 1 online resource (31 pages)
|
| 490 |
1 |
|
|a IMF Working Papers
|
| 500 |
|
|
|a <strong>Off-Campus Access:</strong> No User ID or Password Required
|
| 500 |
|
|
|a <strong>On-Campus Access:</strong> No User ID or Password Required
|
| 506 |
|
|
|a Electronic access restricted to authorized BRAC University faculty, staff and students
|
| 520 |
3 |
|
|a Public sector balance sheets (PSBS) provide a framework for comprehensive and deep analysis of fiscal risks and policies. To illustrate these benefits, this paper shows how PSBS analysis can be applied to assess risks to Indonesia's public sector stemming from its public corporations. The paper also shows that the government's plans to finance a ramp-up in public investment with additional tax revenue increases both economic growth and public wealth.
|
| 538 |
|
|
|a Mode of access: Internet
|
| 700 |
1 |
|
|a Halstead, Avril.
|
| 700 |
1 |
|
|a Harris, Jason.
|
| 700 |
1 |
|
|a Ralyea, John.
|
| 830 |
|
0 |
|a IMF Working Papers; Working Paper ;
|v No. 2019/081
|
| 856 |
4 |
0 |
|z Full text available on IMF
|u http://elibrary.imf.org/view/journals/001/2019/081/001.2019.issue-081-en.xml
|z IMF e-Library
|